[Event "Hostafrancs op 5th"]
[Site "Barcelona"]
[Date "2003.09.03"]
[Round "5"]
[White "Pinazo Donoso, Jorge"]
[Black "Moskalenko, Viktor"]
[Result "0-1"]
[WhiteElo "2236"]
[BlackElo "2520"]
[PlyCount "70"]
[EventDate "2003.08.30"]
[EventType "swiss"]
[EventRounds "9"]
[EventCountry "ESP"]
[SourceTitle "EXT 2004"]
[Source "ChessBase"]
[SourceDate "2003.11.25"]
[SourceVersion "1"]
[SourceVersionDate "2003.11.25"]
[SourceQuality "1"]

1. d4 f5 2. c4 Nf6 3. Nc3 g6 4. Bg5 Bg7 5. e3 d6 6. f4 c5 7. dxc5 Qa5 8. Bxf6 Bxf6 9. cxd6 exd6 10. Nf3 Na6 11. Be2 Bxc3+ 12. bxc3 Qxc3+ 13. Kf1 Nc5 14. Qd4 Qxd4 15. exd4 Ne4 16. Bd3 0-0 17. Re1 b6 18. Ng5 Ba6 19. Bxe4 fxe4 20. Rxe4 h6 21. Nf3 Bxc4+ 22. Kf2 Bxa2 23. Nh4 Bd5 24. Re7 Rxf4+ 25. Kg3 g5 26. Nf3 Rf7 27. Re3 a5 28. h4 gxh4+ 29. Rxh4 a4 30. Rxh6 a3 31. Ne1 a2 32. Nc2 Rg7+ 33. Kh4 a1Q 34. Nxa1 Rxa1 35. Rxd6 Bxg2 0-1

[Event "Hostafrancs op 4th"]
[Site "Barcelona"]
[Date "2002.??.??"]
[Round "?"]
[White "Pinazo Donoso, Jorge"]
[Black "Munoz Pantoja, Miguel Angel"]
[Result "0-1"]
[WhiteElo "2196"]
[BlackElo "2405"]
[PlyCount "50"]
[EventDate "2002.08.30"]
[EventType "swiss"]
[EventRounds "10"]
[EventCountry "ESP"]
[SourceTitle "CBM 090 Extra"]
[Source "ChessBase"]
[SourceDate "2002.11.07"]
[SourceVersion "1"]
[SourceVersionDate "2002.11.07"]
[SourceQuality "1"]

1. f4 c5 2. b3 Nc6 3. Bb2 Nf6 4. Nf3 g6 5. e3 Bg7 6. Bb5 Qc7 7. 0-0 0-0 8. Nc3 d6 9. Qe1 Nb4 10. Rc1 Bf5 11. a3 Nc6 12. h3 a6 13. g4 axb5 14. gxf5 Qd7 15. fxg6 fxg6 16. Kh2 b4 17. axb4 cxb4 18. Nd1 Ra5 19. Nf2 Rh5 20. Rg1 Ne4 21. Bxg7 Nxf2 22. Kg2 Ne4 23. h4 Qg4+ 24. Kh2 Qxf3 25. Bxf8 Nf2 0-1

[Event "Hostafrancs op 4th"]
[Site "Barcelona"]
[Date "2002.??.??"]
[Round "?"]
[White "Velicka, Petr"]
[Black "Pinazo Donoso, Jorge"]
[Result "1/2-1/2"]
[WhiteElo "2435"]
[BlackElo "2196"]
[PlyCount "29"]
[EventDate "2002.08.30"]
[EventType "swiss"]
[EventRounds "10"]
[EventCountry "ESP"]
[SourceTitle "CBM 090 Extra"]
[Source "ChessBase"]
[SourceDate "2002.11.07"]
[SourceVersion "1"]
[SourceVersionDate "2002.11.07"]
[SourceQuality "1"]

1. e4 e5 2. Nf3 Nf6 3. Nxe5 d6 4. Nf3 Nxe4 5. d4 d5 6. Bd3 Bd6 7. 0-0 0-0 8. c4 c6 9. Qc2 Na6 10. a3 Bg4 11. Bxe4 dxe4 12. Qxe4 Bxf3 13. Qxf3 Qh4 14. g3 Qxd4 15. Qe3 1/2-1/2

[Event "Hostafrancs op 3rd"]
[Site "Barcelona"]
[Date "2001.09.06"]
[Round "6"]
[White "Pinazo Donoso, Jorge"]
[Black "Granados Gomez, Manuel"]
[Result "1-0"]
[WhiteElo "2155"]
[BlackElo "2428"]
[PlyCount "49"]
[EventDate "2001.09.01"]
[EventType "swiss"]
[EventRounds "9"]
[EventCountry "ESP"]
[SourceTitle "CBM 084 Extra"]
[Source "ChessBase"]
[SourceDate "2001.10.26"]
[SourceVersion "1"]
[SourceVersionDate "2001.10.26"]
[SourceQuality "1"]

1. f4 e5 2. fxe5 d6 3. exd6 Bxd6 4. Nf3 g5 5. g3 g4 6. Nh4 Ne7 7. d4 Ng6 8. Nxg6 hxg6 9. Qd3 Nc6 10. c3 Bf5 11. e4 Qe7 12. Bg2 0-0-0 13. 0-0 Ne5 14. Qe3 Rxh2 15. Kxh2 Nf3+ 16. Rxf3 gxf3 17. Qxf3 Qh4+ 18. Kg1 Bxg3 19. exf5 c6 20. Be3 Rd5 21. fxg6 fxg6 22. Qe4 Qh2+ 23. Kf1 Rf5+ 24. Ke2 Bf4 25. Nd2 1-0

[Event "Barcelona Sants op 01st"]
[Site "Barcelona"]
[Date "1999.??.??"]
[Round "3"]
[White "Panchenko, Alexandar G"]
[Black "Pinazo Donoso, Jorge"]
[Result "1/2-1/2"]
[WhiteElo "2395"]
[BlackElo "2220"]
[PlyCount "113"]
[EventDate "1999.08.??"]
[EventType "swiss"]
[EventRounds "9"]
[EventCountry "ESP"]
[SourceTitle "EXT 2000"]
[Source "ChessBase"]
[SourceDate "1999.11.16"]
[SourceVersion "1"]
[SourceVersionDate "1999.11.16"]
[SourceQuality "1"]

1. Nf3 d5 2. d4 c6 3. c4 e6 4. Qc2 f5 5. g3 Nf6 6. Bg2 Bd6 7. Bf4 0-0 8. 0-0 h6 9. Bxd6 Qxd6 10. Nbd2 Ne4 11. Ne5 Nd7 12. Ndf3 Nxe5 13. Nxe5 c5 14. e3 cxd4 15. exd4 dxc4 16. Nxc4 Qxd4 17. Rad1 Qf6 18. Bxe4 fxe4 19. Qxe4 Qf5 20. f3 Qxe4 21. fxe4 Rxf1+ 22. Kxf1 b6 23. Rd8+ Kh7 24. Kf2 Bb7 25. Rxa8 Bxa8 26. Ke3 Kg6 27. Kd4 Kf6 28. Ne5 Bb7 29. b4 Ke7 30. a4 Bc8 31. Nc4 Kf6 32. Ne5 Ke7 33. h4 Bd7 34. b5 Be8 35. Nc4 Bh5 36. a5 Be2 37. axb6 axb6 38. Nxb6 Bxb5 39. Ke5 Bc6 40. Nc4 Bb5 41. Ne3 Bd3 42. Ng2 Bf1 43. Nf4 Bc4 44. Nh5 Kf7 45. Kd6 g5 46. hxg5 hxg5 47. Ke5 Bb3 48. Nf6 Kg6 49. Ng4 Kf7 50. Ne3 Kg6 51. Kd6 Kf7 52. Nf1 Ba2 53. Nd2 Kg6 54. g4 Kf6 55. Nf3 Bb3 56. e5+ Kg6 57. Nd4 1/2-1/2

[Event "Catalunya-ch U20"]
[Site "Spain"]
[Date "1999.??.??"]
[Round "?"]
[White "Pinazo Donoso, Jorge"]
[Black "Rue Bullons, Josep Maria"]
[Result "1/2-1/2"]
[WhiteElo "2110"]
[BlackElo "2145"]
[PlyCount "66"]
[EventDate "1999.??.??"]
[EventType "swiss"]
[EventRounds "9"]
[EventCountry "ESP"]
[SourceTitle "EXT 2000"]
[Source "ChessBase"]
[SourceDate "1999.11.16"]
[SourceVersion "1"]
[SourceVersionDate "1999.11.16"]
[SourceQuality "1"]

1. f4 d5 2. b3 Nf6 3. Bb2 e6 4. Nf3 c5 5. e3 Bd6 6. Bd3 Nc6 7. 0-0 Qc7 8. Bb5 Bd7 9. Bxc6 Bxc6 10. Be5 0-0-0 11. d4 Ng4 12. Qe2 f6 13. Bxd6 Qxd6 14. dxc5 Qd7 15. h3 Nh6 16. Nd4 e5 17. fxe5 fxe5 18. Nxc6 Qxc6 19. b4 g5 20. g4 Ng8 21. Nc3 h5 22. e4 d4 23. Nb5 Kb8 24. Nd6 Nh6 25. Rf6 hxg4 26. hxg4 Qd7 27. Raf1 Qh7 28. Kf2 Ng8 29. Rf3 Qh4+ 30. Rg3 Ne7 31. Rfg1 Ng6 32. Ke1 Nf4 33. Qd2 Qxg3+ 1/2-1/2

[Event "Barcelona Univ Catalunya-ch"]
[Site "Barcelona"]
[Date "1999.??.??"]
[Round "4"]
[White "Rue Bullons, Josep Maria"]
[Black "Pinazo Donoso, Jorge"]
[Result "1-0"]
[WhiteElo "2146"]
[BlackElo "2112"]
[PlyCount "53"]
[EventDate "1999.03.15"]
[EventType "swiss"]
[EventRounds "7"]
[EventCountry "ESP"]
[SourceTitle "EXT 2001"]
[Source "ChessBase"]
[SourceDate "2000.11.22"]
[SourceVersion "1"]
[SourceVersionDate "2000.11.22"]
[SourceQuality "1"]

1. Nf3 d5 2. c4 e6 3. g3 Nf6 4. Bg2 Be7 5. 0-0 0-0 6. b3 c5 7. Bb2 Nc6 8. cxd5 exd5 9. d4 b6 10. Re1 Ne4 11. Nc3 Nxc3 12. Bxc3 Bf6 13. Qd2 Ba6 14. Rad1 c4 15. e4 dxe4 16. Rxe4 cxb3 17. axb3 Bb7 18. d5 Bxc3 19. Qxc3 Ne7 20. Rg4 Ng6 21. Nh4 Qd7 22. Rg5 a5 23. Nf5 f6 24. Bh3 Kh8 25. Rh5 Qb5 26. Qc7 Rg8 27. Nd6 1-0

[Event "Catalunya-chT"]
[Site "Spain"]
[Date "1998.??.??"]
[Round "2"]
[White "Buxade Roca, Guillermo"]
[Black "Pinazo Donoso, Jorge"]
[Result "1-0"]
[WhiteElo "2315"]
[BlackElo "2265"]
[PlyCount "73"]
[EventDate "1998.01.??"]
[EventType "team"]
[EventRounds "9"]
[EventCountry "ESP"]
[SourceTitle "EXT 2003"]
[Source "ChessBase"]
[SourceDate "2002.11.25"]
[SourceVersion "1"]
[SourceVersionDate "2002.11.25"]
[SourceQuality "1"]

1. e4 e5 2. Nf3 Nf6 3. Nc3 Bb4 4. a3 Bxc3 5. dxc3 0-0 6. Bg5 d6 7. Bd3 Be6 8. Qe2 Nbd7 9. Nd2 c6 10. 0-0 d5 11. c4 d4 12. b4 h6 13. Bh4 g5 14. Bg3 Bg4 15. f3 Be6 16. c5 Nh5 17. Bc4 Qe7 18. Bxe6 Qxe6 19. Qc4 Qxc4 20. Nxc4 Nxg3 21. hxg3 b6 22. cxb6 axb6 23. Nd6 c5 24. Nf5 h5 25. Kf2 cxb4 26. axb4 Kh7 27. Rh1 Kg6 28. Rxh5 Rh8 29. Rxa8 Rxh5 30. Rg8+ Kh7 31. Rg7+ Kh8 32. Rxf7 Rh7 33. Rxh7+ Kxh7 34. Ke2 Kg6 35. Kd3 g4 36. Kc4 gxf3 37. gxf3 1-0

[Event "Catalunya-chT"]
[Site "Spain"]
[Date "1998.??.??"]
[Round "5"]
[White "Menac Comas, Joan Ramon"]
[Black "Pinazo Donoso, Jorge"]
[Result "1-0"]
[WhiteElo "2210"]
[BlackElo "2265"]
[PlyCount "93"]
[EventDate "1998.01.??"]
[EventType "team"]
[EventRounds "9"]
[EventCountry "ESP"]
[SourceTitle "EXT 2003"]
[Source "ChessBase"]
[SourceDate "2002.11.25"]
[SourceVersion "1"]
[SourceVersionDate "2002.11.25"]
[SourceQuality "1"]

1. e4 e5 2. Nf3 Nf6 3. Nc3 Bb4 4. Bc4 0-0 5. 0-0 d6 6. d4 exd4 7. Nd5 Nxd5 8. exd5 Bc5 9. Bg5 f6 10. Bf4 Bg4 11. Be2 Bxf3 12. Bxf3 Nd7 13. Re1 Re8 14. Bg4 Rxe1+ 15. Qxe1 Nf8 16. a4 a5 17. Bd2 b6 18. Qe4 Qe8 19. Be6+ Nxe6 20. dxe6 c6 21. e7 Qd7 22. Re1 Re8 23. Kf1 d5 24. Qe6+ Qxe6 25. Rxe6 Rxe7 26. Rxc6 Kf7 27. Bxa5 bxa5 28. Rxc5 Rb7 29. Ke2 Rxb2 30. Kd3 Ke6 31. Rxa5 g5 32. Ra8 Ra2 33. a5 Ke5 34. a6 Ra3+ 35. Kd2 d3 36. a7 Kf4 37. c3 h5 38. Kxd3 Ra4 39. Kc2 h4 40. Kb3 Ra1 41. Kb4 f5 42. h3 Ra2 43. Kc5 Rxf2 44. Rg8 Ra2 45. a8Q Rxa8 46. Rxa8 Kg3 47. Ra2 1-0

[Event "ESP Ronda op"]
[Site "Spain"]
[Date "1998.??.??"]
[Round "?"]
[White "Pascual Iglesias, Ferran"]
[Black "Pinazo Donoso, Jorge"]
[Result "0-1"]
[WhiteElo "2075"]
[BlackElo "2260"]
[PlyCount "60"]
[EventDate "1998.??.??"]
[EventType "swiss"]
[EventRounds "9"]
[EventCountry "ESP"]
[SourceTitle "EXT 2003"]
[Source "ChessBase"]
[SourceDate "2002.11.25"]
[SourceVersion "1"]
[SourceVersionDate "2002.11.25"]
[SourceQuality "1"]

1. d4 Nf6 2. Bg5 c5 3. d5 Qb6 4. Nc3 g6 5. e4 d6 6. e5 dxe5 7. d6 Nbd7 8. Bb5 h6 9. Bxf6 exf6 10. Qf3 Bg7 11. Nd5 Qxd6 12. 0-0-0 0-0 13. Bxd7 Bxd7 14. Nxf6+ Qxf6 15. Qxf6 Bxf6 16. Rxd7 Rad8 17. Rxd8 Rxd8 18. Ne2 Bg5+ 19. f4 exf4 20. h4 f3+ 21. hxg5 fxe2 22. gxh6 Kh7 23. Re1 Rd1+ 24. Rxd1 exd1Q+ 25. Kxd1 Kxh6 26. Ke2 f5 27. c3 f4 28. Kd3 Kg5 29. b4 Kg4 30. Ke4 Kg3 0-1

[Event "Catalunya-ch U18"]
[Site "Spain"]
[Date "1998.??.??"]
[Round "?"]
[White "Pinazo Donoso, Jorge"]
[Black "Alonso Moyano, Jonathan"]
[Result "0-1"]
[WhiteElo "2140"]
[BlackElo "2110"]
[PlyCount "69"]
[EventDate "1998.??.??"]
[EventType "swiss"]
[EventRounds "9"]
[EventCountry "ESP"]
[SourceTitle "EXT 2003"]
[Source "ChessBase"]
[SourceDate "2002.11.25"]
[SourceVersion "1"]
[SourceVersionDate "2002.11.25"]
[SourceQuality "1"]

1. d4 Nf6 2. c4 e6 3. Nc3 c5 4. d5 exd5 5. cxd5 d6 6. e4 g6 7. f4 Bg7 8. Bb5+ Nfd7 9. a4 0-0 10. Nf3 Re8 11. Bd3 c4 12. Bxc4 Bxc3+ 13. bxc3 Rxe4+ 14. Be2 Qb6 15. Qc2 Nf6 16. a5 Qc5 17. h3 Re8 18. Ba3 Qxa5 19. 0-0 Nxd5 20. Rfe1 Qb6+ 21. Kh1 Qf2 22. Qb3 Nxf4 23. Bf1 Rxe1 24. Rxe1 Bxh3 25. Kh2 Bxg2 26. Qb2 Qxb2 27. Bxb2 Bxf3 28. Re8+ Kg7 29. c4+ Kh6 30. Kg3 Bc6 31. Rf8 Nh5+ 32. Kh4 f6 33. Bc1+ g5+ 34. Kg4 b6 35. Bd3 0-1

[Event "Sitges op"]
[Site "Sitges"]
[Date "1998.??.??"]
[Round "?"]
[White "Pinazo Donoso, Jorge"]
[Black "Ayas Fernandez, Antonio"]
[Result "0-1"]
[WhiteElo "2140"]
[BlackElo "2300"]
[PlyCount "138"]
[EventDate "1998.??.??"]
[EventType "swiss"]
[EventRounds "9"]
[EventCountry "ESP"]
[SourceTitle "EXT 2003"]
[Source "ChessBase"]
[SourceDate "2002.11.25"]
[SourceVersion "1"]
[SourceVersionDate "2002.11.25"]
[SourceQuality "1"]

1. f4 d5 2. b3 Nf6 3. Bb2 g6 4. Nf3 Bg7 5. e3 0-0 6. c4 c6 7. Be2 Na6 8. cxd5 cxd5 9. Bxa6 bxa6 10. 0-0 a5 11. Qe2 Qb6 12. Ne5 Ba6 13. d3 Qb7 14. Nc3 Nd7 15. Nxd7 Qxd7 16. Na4 Bxb2 17. Nxb2 Rac8 18. Qd2 Qb5 19. Rac1 Qb4 20. Qf2 Qa3 21. Rxc8 Rxc8 22. f5 f6 23. fxg6 hxg6 24. e4 dxe4 25. Nc4 Qc5 26. dxe4 Qxf2+ 27. Rxf2 Bxc4 28. bxc4 Rxc4 29. Re2 Kf7 30. Kf2 Ke6 31. Kf3 Rc3+ 32. Re3 Rc4 33. h4 a4 34. Rd3 Rc2 35. Ra3 Rc4 36. Rd3 Rb4 37. g4 Kf7 38. Kf4 Rc4 39. h5 gxh5 40. gxh5 Rc5 41. Ra3 Rxh5 42. Rxa4 a5 43. Rc4 Rb5 44. a4 Rb3 45. e5 Rb4 46. Rxb4 axb4 47. a5 b3 48. a6 b2 49. a7 b1Q 50. a8Q Qf1+ 51. Ke3 Qe1+ 52. Kd3 Qxe5 53. Qa2+ e6 54. Qa7+ Kg6 55. Qe7 Qd5+ 56. Ke3 e5 57. Qe8+ Qf7 58. Qh8 Kg5 59. Qa8 Qb3+ 60. Ke4 Qc4+ 61. Ke3 Qd4+ 62. Ke2 e4 63. Qg8+ Kf4 64. Qh8 Qd3+ 65. Ke1 Qg3+ 66. Ke2 Qg2+ 67. Ke1 Ke3 68. Qh6+ Kd3 69. Qh5 Qg1# 0-1

[Event "Barbera del Valles op"]
[Site "Barbera del Valles"]
[Date "1998.??.??"]
[Round "2"]
[White "Pinazo Donoso, Jorge"]
[Black "Vehi Bach, Victor Manuel"]
[Result "0-1"]
[WhiteElo "2140"]
[BlackElo "2410"]
[PlyCount "90"]
[EventDate "1998.07.??"]
[EventType "swiss"]
[EventRounds "9"]
[EventCountry "ESP"]
[SourceTitle "EXT 2003"]
[Source "ChessBase"]
[SourceDate "2002.11.25"]
[SourceVersion "1"]
[SourceVersionDate "2002.11.25"]
[SourceQuality "1"]

1. d4 Nf6 2. c4 e6 3. Nc3 Bb4 4. Qc2 0-0 5. a3 Bxc3+ 6. Qxc3 d6 7. Nf3 Re8 8. g3 e5 9. dxe5 dxe5 10. Bg5 Nc6 11. Rd1 Qe7 12. Bg2 Bg4 13. h3 Bh5 14. g4 Bg6 15. Nh4 Rad8 16. 0-0 Qe6 17. Nxg6 hxg6 18. Bxc6 Qxc6 19. Bxf6 gxf6 20. b3 Qe4 21. Qe3 Qc2 22. Rxd8 Rxd8 23. Qf3 Kg7 24. Kg2 c6 25. h4 Rd4 26. e3 Rd6 27. h5 f5 28. gxf5 Qxf5 29. Qxf5 gxf5 30. Kh3 Kh6 31. Kh4 Rd3 32. Rg1 Rd2 33. Rg8 Rxf2 34. Rb8 f4 35. Re8 f6 36. e4 Rh2+ 37. Kg4 Rg2+ 38. Kf5 Rg5+ 39. Kxf6 Kxh5 40. Re7 f3 41. Ke6 Kg4 42. Rxb7 Kf4 43. Rxa7 Kxe4 44. Rf7 Rg6+ 45. Kd7 Rg4 0-1

[Event "Catalunya-chT"]
[Site "Spain"]
[Date "1998.??.??"]
[Round "1"]
[White "Pla Ferreres, Ismael"]
[Black "Pinazo Donoso, Jorge"]
[Result "0-1"]
[WhiteElo "2045"]
[BlackElo "2265"]
[PlyCount "104"]
[EventDate "1998.01.??"]
[EventType "team"]
[EventRounds "9"]
[EventCountry "ESP"]
[SourceTitle "EXT 2003"]
[Source "ChessBase"]
[SourceDate "2002.11.25"]
[SourceVersion "1"]
[SourceVersionDate "2002.11.25"]
[SourceQuality "1"]

1. e4 e5 2. Nf3 Nf6 3. Nc3 Bb4 4. d3 Nc6 5. Bd2 0-0 6. a3 Ba5 7. Be2 Re8 8. 0-0 d5 9. b4 dxe4 10. dxe4 Bb6 11. Bg5 Qxd1 12. Raxd1 Bg4 13. Bxf6 gxf6 14. Nd5 Kg7 15. c4 Bxf3 16. Bxf3 Nd4 17. c5 c6 18. Ne3 Bc7 19. Bg4 Kf8 20. Rd3 Red8 21. Rfd1 b6 22. Nf5 Ne6 23. Nd6 Bxd6 24. Bxe6 bxc5 25. bxc5 Be7 26. Rxd8+ Bxd8 27. Bd7 Be7 28. Bxc6 Rc8 29. Bb5 Bxc5 30. a4 Bd4 31. g3 Rc2 32. Rf1 Kg7 33. Kg2 Kg6 34. g4 Kg5 35. Kg3 Rc3+ 36. f3 Be3 37. h4+ Kg6 38. Re1 Bd4 39. h5+ Kg5 40. Rh1 Rc2 41. Rh2 Rc1 42. Rg2 Bc3 43. Re2 Be1+ 44. Kg2 Kf4 45. Be8 Bc3 46. Bb5 Bd4 47. Rd2 Rg1+ 48. Kh2 Rc1 49. Kg2 Rc3 50. Rd3 Rc2+ 51. Kh1 Be3 52. Rd6 Kg3 0-1

[Event "Santa Coloma"]
[Site "Santa Coloma"]
[Date "1998.??.??"]
[Round "?"]
[White "Ruiz Mata, Oscar"]
[Black "Pinazo Donoso, Jorge"]
[Result "1/2-1/2"]
[WhiteElo "2300"]
[BlackElo "2140"]
[PlyCount "93"]
[EventDate "1998.??.??"]
[EventType "tourn"]
[EventRounds "9"]
[EventCountry "ESP"]
[SourceTitle "EXT 2003"]
[Source "ChessBase"]
[SourceDate "2002.11.25"]
[SourceVersion "1"]
[SourceVersionDate "2002.11.25"]
[SourceQuality "1"]

1. d4 d5 2. c4 e6 3. Nf3 c6 4. Nc3 dxc4 5. e3 b5 6. a4 Bb4 7. Bd2 a5 8. axb5 Bxc3 9. Bxc3 cxb5 10. b3 Bb7 11. bxc4 b4 12. Bb2 Nf6 13. Bd3 Nbd7 14. Qc2 Qc7 15. e4 e5 16. c5 0-0 17. 0-0 Rfe8 18. Rfe1 Qc6 19. Rac1 Rac8 20. Qb1 Qc7 21. c6 Bxc6 22. d5 Qb6 23. Rxc6 Rxc6 24. dxc6 Qxc6 25. Rc1 Qb6 26. Qc2 h6 27. Bc4 Qb7 28. Bd3 Qb6 29. h3 Nh5 30. Qc6 Qxc6 31. Rxc6 a4 32. Bc4 Nhf6 33. Rc7 a3 34. Ba1 Rb8 35. Bb3 Rb5 36. Nd2 Kf8 37. f3 Ke7 38. Kf2 Rc5 39. Rxc5 Nxc5 40. Ke3 Nfd7 41. Bc2 f6 42. Ke2 Nb8 43. Nb3 Nbd7 44. Nd2 Ke6 45. g3 Nb8 46. f4 Nbd7 47. Bd3 1/2-1/2

[Event "Juvenil op"]
[Site "Spain"]
[Date "1997.??.??"]
[Round "4"]
[White "Baches Garcia, Guillermo"]
[Black "Pinazo Donoso, Jorge"]
[Result "1-0"]
[WhiteElo "2235"]
[BlackElo "2175"]
[PlyCount "45"]
[EventDate "1997.??.??"]
[EventType "swiss"]
[EventRounds "8"]
[EventCountry "ESP"]
[SourceTitle "EXT 1999"]
[Source "ChessBase"]
[SourceDate "1998.11.16"]
[SourceVersion "1"]
[SourceVersionDate "1998.11.16"]
[SourceQuality "1"]

1. e4 d5 2. exd5 Qxd5 3. Nc3 Qd6 4. g3 a6 5. Bg2 Nf6 6. Nge2 e5 7. 0-0 Nc6 8. d3 Bg4 9. h3 Bh5 10. b4 Qd7 11. Rb1 Bd6 12. a4 Nxb4 13. Bxb7 Rb8 14. Bg2 0-0 15. g4 Bg6 16. f4 Bc5+ 17. Kh2 exf4 18. Nxf4 Rbe8 19. g5 Qd4 20. Nce2 Qd6 21. gxf6 Bh5 22. Kh1 Bxe2 23. Nxe2 1-0

[Event "Sitges op"]
[Site "Sitges"]
[Date "1997.??.??"]
[Round "5"]
[White "Hansen, Lars"]
[Black "Pinazo Donoso, Jorge"]
[Result "1-0"]
[WhiteElo "2330"]
[BlackElo "2175"]
[PlyCount "99"]
[EventDate "1997.??.??"]
[EventType "swiss"]
[EventRounds "9"]
[EventCountry "ESP"]
[SourceTitle "EXT 1999"]
[Source "ChessBase"]
[SourceDate "1998.11.16"]
[SourceVersion "1"]
[SourceVersionDate "1998.11.16"]
[SourceQuality "1"]

1. e4 d5 2. exd5 Qxd5 3. Nc3 Qd6 4. d4 Nf6 5. Nf3 a6 6. Be2 Bf5 7. 0-0 Nc6 8. Be3 0-0-0 9. Qc1 Nb4 10. Ne5 Bg6 11. a3 Nbd5 12. Nxd5 Nxd5 13. c4 Nxe3 14. fxe3 c5 15. Rd1 e6 16. b4 cxd4 17. exd4 f6 18. c5 Qc7 19. Nc4 Be4 20. Nb6+ Kb8 21. Bc4 Qc6 22. Qb2 Ka7 23. b5 Qc7 24. Nd5 Qc8 25. Nc3 axb5 26. Nxe4 bxc4 27. Qb6+ Ka8 28. Kh1 Be7 29. Qa5+ Kb8 30. Rab1 Qc7 31. Rb6 f5 32. Nc3 Bxc5 33. dxc5 Rxd1+ 34. Nxd1 Rd8 35. Nc3 Qe5 36. Rb1 Re8 37. Qb4 Qc7 38. h3 Qc6 39. a4 Re7 40. Nb5 Rd7 41. Nd6 Rc7 42. Nb5 Rd7 43. Nd6 Qa6 44. Kh2 f4 45. Qe1 Re7 46. Qe5 Ka8 47. Rb6 Qxa4 48. Rb1 Qc6 49. Ra1+ Kb8 50. Nb5+ 1-0

[Event "La Pobla de Lillet op"]
[Site "La Pobla de Lillet"]
[Date "1997.??.??"]
[Round "3"]
[White "Mellado Trivino, Juan"]
[Black "Pinazo Donoso, Jorge"]
[Result "1-0"]
[WhiteElo "2430"]
[BlackElo "2175"]
[PlyCount "53"]
[EventDate "1997.??.??"]
[EventType "swiss"]
[EventRounds "9"]
[EventCountry "ESP"]
[SourceTitle "EXT 1999"]
[Source "ChessBase"]
[SourceDate "1998.11.16"]
[SourceVersion "1"]
[SourceVersionDate "1998.11.16"]
[SourceQuality "1"]

1. d4 Nf6 2. c4 g6 3. Nc3 Bg7 4. e4 d6 5. f4 c5 6. dxc5 Qa5 7. Bd3 Qxc5 8. Nf3 Nc6 9. Qe2 Bg4 10. Be3 Qh5 11. 0-0 Nd7 12. Qd2 0-0 13. Rac1 Rac8 14. Bb1 Qa5 15. b3 f5 16. e5 Bxf3 17. Rxf3 Rfd8 18. exd6 Nf8 19. Qd5+ Qxd5 20. cxd5 Nd4 21. dxe7 Nxf3+ 22. gxf3 Re8 23. exf8Q+ Kxf8 24. Bd2 Kf7 25. Kf1 Rc5 26. b4 Rc4 27. Ne2 1-0

[Event "Juvenil op"]
[Site "Spain"]
[Date "1997.??.??"]
[Round "7"]
[White "Penas Hernandez, Javier"]
[Black "Pinazo Donoso, Jorge"]
[Result "0-1"]
[WhiteElo "2035"]
[BlackElo "2175"]
[PlyCount "66"]
[EventDate "1997.??.??"]
[EventType "swiss"]
[EventRounds "8"]
[EventCountry "ESP"]
[SourceTitle "EXT 1999"]
[Source "ChessBase"]
[SourceDate "1998.11.16"]
[SourceVersion "1"]
[SourceVersionDate "1998.11.16"]
[SourceQuality "1"]

1. e4 d5 2. d4 dxe4 3. Nc3 e5 4. Qh5 Nf6 5. Qxe5+ Be7 6. Bf4 c6 7. Nxe4 0-0 8. 0-0-0 Ng4 9. Qc7 Qxc7 10. Bxc7 f5 11. Bc4+ Kh8 12. Nd6 Bg5+ 13. Kb1 Nxf2 14. Nf7+ Rxf7 15. Bxf7 Na6 16. Bd6 Nxd1 17. Nf3 Nf2 18. Re1 Ne4 19. Rxe4 fxe4 20. Nxg5 Bf5 21. Bc4 h6 22. Nf7+ Kh7 23. h3 b5 24. Bb3 Bg6 25. Ne5 Rd8 26. Be7 Rxd4 27. c3 Rd2 28. g4 e3+ 29. Kc1 Rh2 30. Kd1 Be4 31. h4 Nc7 32. Bf7 Nd5 33. Bd8 Nf4 0-1

[Event "Santa Coloma"]
[Site "Santa Coloma"]
[Date "1997.??.??"]
[Round "3"]
[White "Pinazo Donoso, Jorge"]
[Black "Asensio Linan, Teodoro"]
[Result "1-0"]
[WhiteElo "2175"]
[BlackElo "2225"]
[PlyCount "85"]
[EventDate "1997.??.??"]
[EventType "tourn"]
[EventRounds "9"]
[EventCountry "ESP"]
[SourceTitle "EXT 2002"]
[Source "ChessBase"]
[SourceDate "2001.11.25"]
[SourceVersion "1"]
[SourceVersionDate "2001.11.25"]
[SourceQuality "1"]

1. d4 e6 2. c4 f5 3. Nc3 Nf6 4. Nf3 Bb4 5. Qc2 c6 6. a3 Be7 7. e4 d5 8. cxd5 fxe4 9. Nxe4 Nxe4 10. Qxe4 exd5 11. Qc2 Qd6 12. Bd3 g6 13. Bh6 b5 14. Bxb5 Qe6+ 15. Be2 Ba6 16. Bg7 Rg8 17. Be5 Qf5 18. Rc1 Bxe2 19. Qxe2 g5 20. Bxb8 Rxb8 21. 0-0 Rb6 22. Ne5 c5 23. dxc5 Re6 24. Qh5+ Kf8 25. Ng4 Rgg6 26. b4 Kg7 27. Rfe1 Qc2 28. Ne3 Qe4 29. Qg4 Qxg4 30. Nxg4 d4 31. Ne5 Rgf6 32. Nd7 d3 33. Rxe6 Rxe6 34. Rd1 Re4 35. Kf1 Rd4 36. Ne5 a5 37. Nc6 Rd7 38. Nxe7 axb4 39. axb4 Rxe7 40. Rxd3 Kf6 41. c6 Rc7 42. b5 h5 43. Rb3 1-0